| 000 | nam a22 a 4500 | ||
|---|---|---|---|
| 999 |
_c428890 _d428890 |
||
| 003 | BLK | ||
| 005 | 20210818094714.0 | ||
| 008 | 210818b bu |||||r|||| 00| | bu d | ||
| 040 | _aBLK | ||
| 041 |
_aRUS _cRUS |
||
| 080 |
_aРуска литература _b821.161.1 _x-31 _z821.161.1-31 |
||
| 100 |
_91299 _aКрашевский, Ю.И. _eпърви автор |
||
| 139 | _aКрашевский, Ю.И. | ||
| 245 |
_a Кунигас _b Роман из литов. старины _cЮ. И. Крашевский |
||
| 260 |
_9462666 _aСанкт-Петербург _bтип. В.В. Комаров _c1883 |
||
| 300 |
_a142 с. _c23 см |
||
| 380 | _aX | ||
| 852 |
_aРр 883 _bРц |
||
| 942 |
_cKNG _n0 _s1 |
||
| 944 |
_aCR _c2021-08-18 _kХристина Везирева |
||